Del trabajo cultural : selección de discursos /
Guardat en:
| Autor principal: | |
|---|---|
| Format: | Llibre |
| Idioma: | Spanish |
| Publicat: |
La Habana, CU
Editorial de Ciencias Sociales
1979
|
| Matèries: | |
| Etiquetes: |
Afegir etiqueta
Sense etiquetes, Sigues el primer a etiquetar aquest registre!
|
MARC
| LEADER | 00000nam a22000007a 4500 | ||
|---|---|---|---|
| 003 | cru CIDCACS/IIS | ||
| 005 | 20170331102548.0 | ||
| 008 | 170303b1979 cu ||||| |||| 00| ||spa d | ||
| 040 | |c cru CIDCACS/IIS | ||
| 090 | |a 05.02.02 H325d | ||
| 100 | 1 | |9 3231 |a Hart, Armando | |
| 245 | 1 | 0 | |a Del trabajo cultural : |b selección de discursos / |c Armando Hart, edición : Jorge Pérez |
| 260 | |a La Habana, CU |b Editorial de Ciencias Sociales |c 1979 | ||
| 300 | |a 362 páginas | ||
| 500 | |a Colección Alforja | ||
| 650 | 1 | 0 | |9 126 |a CULTURA |
| 650 | 1 | 0 | |9 2521 |a POLITICA CULTURAL |
| 650 | 1 | 0 | |9 373 |a COMUNISMO |
| 650 | 0 | |9 7 |a SINDICATOS | |
| 650 | 1 | 0 | |9 3232 |a JOVENES |
| 650 | 1 | 0 | |9 954 |a DISCURSOS |
| 942 | |2 ddc |c LI | ||
| 999 | |c 18967 |d 18967 | ||
